=LDR 00000nam 2200000 4500 =001 INLIS000000000013420 =005 20130612104821 =008 ***********************************Ind** =035 ##$$0010-061300000013420 =041 ##$$a Ind =082 ##$$a 028.55 =090 ##$$a 028.55, Jul m =100 ##$$a Julkarnaen, M.Ripqy =245 ##$$a Mukjijat Rasululloh, M.Rifqy Julkarnaen =260 ##$$a 2004 $b Bandung =300 ##$$a ...Jel, Ilus, 29 cm =650 ##$$a bacaan Kanak-Kanak =850 ##$$a NBPNMAT